Central Library OPAC University of Rajshahi

Economic theory and planning : (Record no. 58599)

MARC details
000 -LEADER
fixed length control field 00779nam a2200265 a 4500
001 - CONTROL NUMBER
control field 58599
003 - CONTROL NUMBER IDENTIFIER
rucl marc code BD-RJUL
005 - DATE AND TIME OF LATEST TRANSACTION
control field 20211209080635.0
008 - FIXED-LENGTH DATA ELEMENTS--GENERAL INFORMATION
fixed length control field 750508s1974 ii cf b 011 0 engs
020 ## - INTERNATIONAL STANDARD BOOK NUMBER
Terms of availability Rs50.00 ( 8.75 U.S.)
035 ## - SYSTEM CONTROL NUMBER
System control number (BD-RJUL)58723
040 ## - CATALOGING SOURCE
Original cataloging agency DLC
Transcribing agency DLC
Modifying agency BD-RJUL
Language of cataloging eng
041 ## - LANGUAGE CODE
Language code of text/sound track or separate title eng
082 ## - DEWEY DECIMAL CLASSIFICATION NUMBER
Edition number 23
Classification number 330
Author mark and year ECO 1974
090 ## - LOCALLY ASSIGNED LC-TYPE CALL NUMBER (OCLC); LOCAL CALL NUMBER (OCLC)
Classification number (OCLC) (R) ; Classification number, CALL (RLIN) (NR) HB34
Local cutter number (OCLC) ; Book number/undivided call number, CALL (RLIN) .E255
099 ## - LOCAL FREE-TEXT CALL NUMBER (OCLC)
Bangla Class number HB34.E255
245 00 - TITLE STATEMENT
Title Economic theory and planning :
Remainder of title essays in honour of A. K. Das Gupta /
Statement of responsibility, etc. edited by Ashok Mitra.
260 ## - PUBLICATION, DISTRIBUTION, ETC. (IMPRINT)
Place of publication, distribution, etc. Calcutta :
Name of publisher, distributor, etc. Oxford University Press,
Date of publication, distribution, etc. 1974.
300 ## - PHYSICAL DESCRIPTION
Pagination xvi, 326 p. ;
Size 22 cm.
500 ## - GENERAL NOTE
General note Includes index.
650 #0 - SUBJECT ADDED ENTRY--TOPICAL TERM
Topical term or geographic name as entry element Economics.
9 (RLIN) 170576
700 1# - ADDED ENTRY--PERSONAL NAME
Personal name Dasgupta, Ajit Kumar.
Personal name Mitra, Asok,
Dates associated with a name 1917-
942 ## - ADDED ENTRY ELEMENTS (KOHA)
Source of classification or shelving scheme Dewey Decimal Classification
Koha item type Books
Holdings
Lost status Source of classification or shelving scheme Damaged status Not for loan Collection code Permanent Location Current Location Shelving location Date acquired Source of acquisition Cost, normal purchase price Total Checkouts Full call number Date last seen Copy number Koha item type
  Dewey Decimal Classification   Not For Loan Non-fiction Central Library, University of Rajshahi Central Library, University of Rajshahi Reading Room 06/03/1979 India International, Calcutta 60.00   330 ECO 1974 19/12/2016 C-1 Books